[Event "World Rapid Championship"]
[Site "Dubai UAE"]
[Date "2014.06.18"]
[EventDate "2014.06.16"]
[Round "11.20"]
[Result "0-1"]
[White "Alexander Riazantsev"]
[Black "Wang Hao"]
[WhiteElo "2692"]
[BlackElo "2729"]
[PlyCount "94"]

1. d4 Nf6 2. c4 g6 3. Nc3 Bg7 4. e4 d6 5. h3 O-O 6. Nf3 c5
7. d5 e6 8. Bd3 exd5 9. exd5 Re8+ 10. Be3 Bh6 11. O-O Bxe3
12. fxe3 Qe7 13. e4 Nbd7 14. Rf2 Rf8 15. Qd2 Ne8 16. Raf1 Ne5
17. Qe2 Bd7 18. Bc2 a6 19. a4 b6 20. b3 Rb8 21. Bd3 Ng7
22. Qd2 f6 23. Nxe5 Qxe5 24. Be2 Rbe8 25. Bg4 Bxg4 26. hxg4 h5
27. gxh5 Nxh5 28. Rf3 Kg7 29. R1f2 Ng3 30. Qf4 Qxf4 31. Rxf4
Rh8 32. Ra2 f5 33. exf5 Re3 34. f6+ Kf7 35. Rf3 Rxc3 36. Rxc3
Rh1+ 37. Kf2 Ne4+ 38. Ke3 Nxc3 39. Rc2 Nd1+ 40. Ke2 Kxf6
41. a5 bxa5 42. Kd3 Re1 43. Ra2 Ke5 44. Rxa5 Nf2+ 45. Kd2 Rg1
46. Ke3 Ne4 47. Kf3 Rb1 0-1

[Event "World Rapid Championship"]
[Site "Dubai UAE"]
[Date "2014.06.18"]
[EventDate "2014.06.16"]
[Round "12.15"]
[Result "0-1"]
[White "Sergei Zhigalko"]
[Black "Wang Hao"]
[WhiteElo "2678"]
[BlackElo "2729"]
[PlyCount "110"]

1. e4 c5 2. Nf3 d6 3. d4 cxd4 4. Qxd4 Nc6 5. Bb5 Bd7 6. Bxc6
Bxc6 7. Nc3 Nf6 8. Bg5 e6 9. O-O-O Be7 10. Rhe1 O-O 11. Kb1
Re8 12. Qd2 h6 13. Bf4 e5 14. Bg3 b5 15. Bh4 Qb6 16. Bxf6 Bxf6
17. Qe2 Be7 18. Nd5 Qb7 19. g4 a6 20. h4 Bxd5 21. Rxd5 Qc8
22. g5 h5 23. Nd2 Qh3 24. Nf3 g6 25. Rd3 Rac8 26. Ra3 Ra8
27. Rd3 Rac8 28. Ra3 Ra8 29. Rd3 Rec8 30. Rg1 Qe6 31. Nd2 Rc5
32. Rd1 Rac8 33. c3 a5 34. Nb3 R5c6 35. Nxa5 Ra6 36. b4 Bd8
37. Nb3 Qc4 38. R1d2 Rca8 39. Re3 Qc6 40. f3 Bc7 41. Red3 Qc4
42. Re3 Qc6 43. Qd3 Ra3 44. Qd5 Qd7 45. Nc1 Qh3 46. Qxb5 Qxh4
47. Qd5 Qxg5 48. Ree2 Kg7 49. Nb3 h4 50. Qc6 R8a7 51. b5 h3
52. Nc1 Qg1 53. Rf2 Ba5 54. Qxd6 Bxc3 55. Rc2 Rb3+ 0-1

[Event "World Rapid Championship"]
[Site "Dubai UAE"]
[Date "2014.06.18"]
[EventDate "2014.06.16"]
[Round "13.9"]
[Result "1-0"]
[White "Wang Hao"]
[Black "Laurent Fressinet"]
[WhiteElo "2716"]
[BlackElo "2681"]
[PlyCount "103"]

1. d4 Nf6 2. c4 e6 3. Nc3 Bb4 4. Qc2 Nc6 5. Nf3 d6 6. a3 Bxc3+
7. Qxc3 Qe7 8. g3 e5 9. d5 Nb8 10. Bg2 O-O 11. O-O c6 12. dxc6
Nxc6 13. b3 Be6 14. a4 Rfd8 15. Ba3 Qc7 16. Rac1 h6 17. Rfd1
Rac8 18. Qb2 a5 19. Nd2 d5 20. cxd5 Bxd5 21. Bh3 Rb8 22. Qb1
Re8 23. e3 Rbd8 24. Nc4 Be4 25. Qb2 Bd5 26. Qe2 Qb8 27. Bc5
Be6 28. Rxd8 Qxd8 29. Rd1 Qb8 30. Bxe6 Rxe6 31. Bb6 Qf8
32. Nxa5 Nxa5 33. Bxa5 Qa3 34. Qc2 Re8 35. Qc4 Qa2 36. h3 Re6
37. Qc8+ Kh7 38. Qxb7 Qc2 39. Rf1 Kg6 40. Qb5 Rc6 41. Bb4 Qe4
42. a5 Rc2 43. Rd1 Qf5 44. Qd3 Rb2 45. Qxf5+ Kxf5 46. Ra1 Nd5
47. a6 Nc7 48. Bd6 Na8 49. b4 Ke4 50. Kg2 h5 51. Bc5 f6 52. a7
1-0

[Event "World Rapid Championship"]
[Site "Dubai UAE"]
[Date "2014.06.18"]
[EventDate "2014.06.16"]
[Round "14.5"]
[Result "1/2-1/2"]
[White "Peter Svidler"]
[Black "Wang Hao"]
[WhiteElo "2787"]
[BlackElo "2716"]
[PlyCount "76"]

1. e4 e5 2. Nf3 Nf6 3. d3 Nc6 4. g3 d5 5. Nbd2 Be7 6. Bg2 O-O
7. O-O Re8 8. c3 a5 9. exd5 Nxd5 10. Re1 f6 11. Nc4 Be6
12. Ne3 Bf8 13. d4 exd4 14. Nxd4 Nxe3 15. Bxe3 Nxd4 16. Bxd4
c5 17. Be3 Qxd1 18. Rexd1 Ra7 19. Bd5 Bxd5 20. Rxd5 b6 21. a4
Rb7 22. Kf1 g6 23. Rad1 Re4 24. Rd8 Kf7 25. R1d7+ Rxd7
26. Rxd7+ Re7 27. Rd8 Re8 28. Rxe8 Kxe8 29. g4 Bd6 30. h3 Kd7
31. Ke2 Ke6 32. Kd3 Kd5 33. c4+ Ke6 34. b3 f5 35. f3 Bc7
36. Bd2 Be5 37. Be3 Bc7 38. Bd2 Be5 1/2-1/2

[Event "World Rapid Championship"]
[Site "Dubai UAE"]
[Date "2014.06.18"]
[EventDate "2014.06.16"]
[Round "15.7"]
[Result "0-1"]
[White "Wang Hao"]
[Black "Evgeny Tomashevsky"]
[WhiteElo "2729"]
[BlackElo "2695"]
[PlyCount "108"]

1. e4 e5 2. Nf3 Nc6 3. d4 exd4 4. Nxd4 Bc5 5. Nxc6 Qf6 6. Qf3
bxc6 7. Nd2 d6 8. Nb3 Bb6 9. a4 a5 10. Bd2 Qxf3 11. gxf3 Ne7
12. Rg1 O-O 13. Be3 Be6 14. Nd4 Bd7 15. O-O-O Kh8 16. Nb3
Bxe3+ 17. fxe3 f6 18. Rg3 Rfd8 19. Nd2 f5 20. e5 Be6 21. Bc4
d5 22. Be2 d4 23. e4 fxe4 24. fxe4 Ng6 25. Bc4 Re8 26. Rg5 c5
27. Bxe6 Rxe6 28. Nb3 Nxe5 29. Nxc5 Re7 30. Nb3 h6 31. Rg3 c5
32. Nxc5 Rc8 33. Nd3 Nc4 34. Nf4 Rxe4 35. Ng6+ Kh7 36. Rf1 d3
37. Rxd3 Kxg6 38. Rg1+ Kf6 39. Rf3+ Ke5 40. b3 Ne3 41. c4 Nf5
42. Rd3 Rc5 43. Rg6 Re2 44. h3 Rh2 45. Rb6 Ke4 46. Rd1 Nd4
47. Rb8 Re5 48. Re1+ Ne2+ 49. Kb2 Kd3 50. Ka3 Kd2 51. Rb1 Nd4
52. Rd8 Kc3 53. Rc1+ Nc2+ 54. Ka2 Re1 0-1

[Event "World Blitz Championship"]
[Site "Dubai UAE"]
[Date "2014.06.19"]
[EventDate "2014.06.19"]
[Round "5.21"]
[Result "1-0"]
[White "David Anton Guijarro"]
[Black "Wang Hao"]
[WhiteElo "2631"]
[BlackElo "2729"]
[PlyCount "43"]

1. e4 c5 2. Nf3 d6 3. d4 cxd4 4. Nxd4 Nf6 5. Nc3 a6 6. Qd3
Nbd7 7. Be2 Nc5 8. Qe3 e6 9. Bd2 Be7 10. g4 d5 11. exd5 exd5
12. O-O-O O-O 13. f3 Bd7 14. g5 Nh5 15. f4 g6 16. Bxh5 gxh5
17. Nxd5 Re8 18. Bc3 Bg4 19. Nf5 Bxf5 20. Qe5 f6 21. Qxf5 Qc8
22. Nxf6+ 1-0

[Event "World Blitz Championship"]
[Site "Dubai UAE"]
[Date "2014.06.19"]
[EventDate "2014.06.19"]
[Round "7.24"]
[Result "0-1"]
[White "Ehsan Ghaem Maghami"]
[Black "Wang Hao"]
[WhiteElo "2582"]
[BlackElo "2729"]
[PlyCount "132"]

1. d4 Nf6 2. c4 e6 3. Nf3 d5 4. g3 Be7 5. Bg2 O-O 6. Nbd2 c6
7. O-O Nbd7 8. Qc2 b6 9. e4 Nxe4 10. Nxe4 dxe4 11. Ne5 Nxe5
12. dxe5 Qc7 13. Qxe4 Ba6 14. b3 c5 15. Rd1 Rab8 16. Qc6 Qxc6
17. Bxc6 Rfd8 18. Be3 f6 19. exf6 Bxf6 20. Rac1 Bd4 21. Bxd4
cxd4 22. f4 Kf7 23. Kf2 Kf6 24. Rd2 Bb7 25. Bxb7 Rxb7 26. Rcd1
Rbd7 27. Kf3 e5 28. fxe5+ Kxe5 29. Re2+ Kf5 30. Rd3 h5 31. Re4
a6 32. h3 Kg6 33. Rf4 Rd6 34. Re4 R8d7 35. Rf4 a5 36. Re4 Kg5
37. Rf4 Kg6 38. Re4 Kf6 39. Rf4+ Ke7 40. Rf5 g6 41. Rf4 Kd8
42. a3 Kc7 43. b4 axb4 44. axb4 Kc6 45. h4 Rd8 46. Re4 Rf6+
47. Rf4 Rxf4+ 48. Kxf4 b5 49. cxb5+ Kxb5 50. Rd1 d3 51. Ke3
Kc4 52. Rc1+ Kxb4 53. Kd2 Rf8 54. Rc6 Rf3 55. Rxg6 Kc4
56. Rc6+ Kd4 57. Rd6+ Ke4 58. Re6+ Kd5 59. Rh6 Rxg3 60. Rh8
Ke4 61. Re8+ Kf4 62. Rh8 Kg4 63. Rg8+ Kxh4 64. Rf8 Kh3 65. Rf1
h4 66. Rf8 Kh2 0-1

[Event "World Blitz Championship"]
[Site "Dubai UAE"]
[Date "2014.06.19"]
[EventDate "2014.06.19"]
[Round "8.9"]
[Result "1-0"]
[White "Wang Hao"]
[Black "Peter Svidler"]
[WhiteElo "2729"]
[BlackElo "2753"]
[PlyCount "51"]

1. e4 c5 2. Nf3 e6 3. d4 cxd4 4. Nxd4 a6 5. Nc3 b5 6. Bd3 d6
7. O-O Nf6 8. a4 b4 9. Na2 e5 10. Nf3 Nc6 11. c3 bxc3 12. Nxc3
Be7 13. Bg5 Be6 14. Qe2 Nb4 15. Bc4 Qc8 16. Bxe6 Qxe6 17. Rfd1
O-O 18. Bxf6 Bxf6 19. Nd5 Nxd5 20. Rxd5 Rfb8 21. Qd2 Be7
22. b4 f5 23. exf5 Qxf5 24. Re1 Rb7 25. a5 Qg4 26. Rdxe5 1-0

[Event "World Blitz Championship"]
[Site "Dubai UAE"]
[Date "2014.06.19"]
[EventDate "2014.06.19"]
[Round "9.6"]
[Result "1-0"]
[White "Wang Hao"]
[Black "Etienne Bacrot"]
[WhiteElo "2729"]
[BlackElo "2720"]
[PlyCount "97"]

1. d4 Nf6 2. c4 g6 3. Nc3 Bg7 4. e4 d6 5. Nf3 O-O 6. Be2 e5
7. O-O Nc6 8. d5 Ne7 9. b4 Nh5 10. Re1 f5 11. Ng5 Nf6 12. Bf3
c6 13. dxc6 bxc6 14. exf5 gxf5 15. b5 e4 16. Be2 c5 17. a4 Ne8
18. Ra3 Nc7 19. Bf1 h6 20. Nh3 Ne6 21. Nd5 Nd4 22. Nxe7+ Qxe7
23. Rg3 Kh7 24. Nf4 Bd7 25. Ng6 Qf6 26. Nxf8+ Rxf8 27. Bf4 Be8
28. a5 Bf7 29. Rh3 Rg8 30. Kh1 Rd8 31. Qc1 Ne6 32. Bd2 Rb8
33. f3 exf3 34. Rxf3 Nd4 35. Rh3 Rc8 36. a6 d5 37. cxd5 Bxd5
38. Bc3 f4 39. Bxd4 Qxd4 40. Rd3 Qc4 41. Qxc4 Bxc4 42. Rd7
Bxf1 43. Rxf1 c4 44. Rxf4 c3 45. Rff7 c2 46. Rxg7+ Kh8
47. Rh7+ Kg8 48. Rdg7+ Kf8 49. Rh8+ 1-0

[Event "World Blitz Championship"]
[Site "Dubai UAE"]
[Date "2014.06.19"]
[EventDate "2014.06.19"]
[Round "11.10"]
[Result "1-0"]
[White "Wang Hao"]
[Black "Daniil Dubov"]
[WhiteElo "2729"]
[BlackElo "2614"]
[PlyCount "87"]

1. c4 e6 2. Nc3 d5 3. d4 a6 4. cxd5 exd5 5. Bf4 c6 6. Qc2 Bd6
7. Bxd6 Qxd6 8. e3 Ne7 9. Bd3 Nd7 10. Nf3 Ng6 11. h4 Ne7
12. h5 h6 13. O-O-O Nf6 14. Ne5 Ng4 15. Nxg4 Bxg4 16. f3 Be6
17. Kb1 O-O 18. g4 c5 19. dxc5 Qxc5 20. Qd2 Rfd8 21. Ne2 Rac8
22. Nd4 Bd7 23. Rhg1 f6 24. f4 Qd6 25. g5 hxg5 26. fxg5 f5
27. Rh1 Rf8 28. g6 Rf6 29. Ne2 Bb5 30. Nf4 Bxd3+ 31. Qxd3 Rd8
32. h6 Nxg6 33. Nxd5 Rf7 34. hxg7 Kxg7 35. Qc3+ Qe5 36. Qxe5+
Nxe5 37. Rdg1+ Ng4 38. e4 Kg6 39. Ne3 Rd3 40. exf5+ Kf6
41. Nxg4+ Kxf5 42. Rf1+ Ke6 43. Rxf7 Kxf7 44. Ne5+ 1-0

[Event "World Blitz Championship"]
[Site "Dubai UAE"]
[Date "2014.06.19"]
[EventDate "2014.06.19"]
[Round "1.40"]
[Result "0-1"]
[White "Mohamad Naser Al Sayed"]
[Black "Wang Hao"]
[WhiteElo "2505"]
[BlackElo "2729"]
[PlyCount "112"]

1. Nf3 d5 2. g3 c6 3. Bg2 Nf6 4. c4 g6 5. O-O Bg7 6. d3 O-O
7. Nc3 d4 8. Na4 Na6 9. b3 Nd7 10. Bd2 Re8 11. b4 e5 12. Rc1
h6 13. b5 Nac5 14. bxc6 bxc6 15. Nxc5 Nxc5 16. Bb4 Ne6 17. Qa4
Bd7 18. Ba5 Qc8 19. Nd2 c5 20. Qa3 Bc6 21. Ne4 Re7 22. Rb1 Rd7
23. Rb2 f5 24. Nd2 Bxg2 25. Kxg2 Qc6+ 26. Kg1 e4 27. Qb3 exd3
28. exd3 Ng5 29. h4 Nf7 30. Qb5 Qxb5 31. Rxb5 Ne5 32. Rb3 Nc6
33. Rb5 Bf8 34. Nb3 a6 35. Rb6 Ne5 36. Rd1 Kf7 37. Kf1 Be7
38. Ke2 Bd8 39. Nxc5 Bxb6 40. Bxb6 Rd6 41. Na4 Re8 42. Kf1 g5
43. h5 g4 44. Bc5 Rdd8 45. Nb6 Nf3 46. Nd5 Rb8 47. Ba3 Re6
48. c5 Rbe8 49. Bb4 Rc6 50. Nf4 a5 51. Ba3 Rc7 52. Nd5 Rd7
53. Nf4 Rde7 54. Ng2 Re2 55. c6 Rc2 56. Rb1 Nd2+ 0-1

[Event "World Blitz Championship"]
[Site "Dubai UAE"]
[Date "2014.06.19"]
[EventDate "2014.06.19"]
[Round "4.32"]
[Result "1-0"]
[White "Wang Hao"]
[Black "Pavel Maletin"]
[WhiteElo "2729"]
[BlackElo "2588"]
[PlyCount "69"]

1. e4 e5 2. Nf3 Nc6 3. d4 exd4 4. Nxd4 Bc5 5. Nb3 Bb6 6. Nc3
Nf6 7. Qf3 h6 8. Be3 d6 9. h3 O-O 10. O-O-O Qe7 11. Kb1 Re8
12. Bd3 Be6 13. g4 Nd7 14. Qe2 a5 15. Nd2 Nd4 16. Bxd4 Bxd4
17. Nb5 Bb6 18. f4 Nc5 19. h4 Bd7 20. Nc3 Bc6 21. g5 Kh8
22. gxh6 gxh6 23. Qh5 Qf6 24. Nc4 Ne6 25. Nxb6 cxb6 26. Rdf1
Rg8 27. Nd5 Bxd5 28. Qxd5 Nc5 29. e5 dxe5 30. fxe5 Qe6
31. Rxf7 Rg7 32. Qxe6 Nxe6 33. Rf6 Re8 34. Rxh6+ Kg8 35. Bc4
1-0

[Event "World Blitz Championship"]
[Site "Dubai UAE"]
[Date "2014.06.19"]
[EventDate "2014.06.19"]
[Round "10.4"]
[Result "1-0"]
[White "Shakhriyar Mamedyarov"]
[Black "Wang Hao"]
[WhiteElo "2743"]
[BlackElo "2729"]
[PlyCount "67"]

1. d4 d5 2. c4 c6 3. Nf3 Nf6 4. Nbd2 g6 5. b3 Bg7 6. Bb2 O-O
7. e3 Bf5 8. Be2 Nbd7 9. h3 h6 10. O-O Ne4 11. Nh4 Nxd2
12. Qxd2 Be6 13. f4 Nf6 14. Bd3 Bd7 15. f5 g5 16. Nf3 Ne4
17. Bxe4 dxe4 18. Ne5 c5 19. dxc5 Bxe5 20. Bxe5 f6 21. Bd4 Bc6
22. b4 b5 23. cxb6 axb6 24. b5 Bb7 25. a4 Qc7 26. Rfc1 Rfd8
27. Qe2 Bc8 28. c5 bxc5 29. Rxc5 Qg3 30. Qh5 Rxd4 31. exd4 e3
32. Qe8+ Kg7 33. Qxe7+ Kg8 34. Qd8+ 1-0

[Event "World Blitz Championship"]
[Site "Dubai UAE"]
[Date "2014.06.19"]
[EventDate "2014.06.19"]
[Round "6.30"]
[Result "1-0"]
[White "Wang Hao"]
[Black "Tanguy Ringoir"]
[WhiteElo "2729"]
[BlackElo "2506"]
[PlyCount "131"]

1.e4 e5 2.Nf3 Nc6 3.d4 exd4 4.Nxd4 Nf6 5.Nxc6 bxc6 6.e5 Qe7
7.Qe2 Nd5 8.c4 Ba6 9.b3 g6 10.g3 Bg7 11.Bb2 O-O 12.Bg2 Rae8
13.O-O Bxe5 14.Qxe5 Qxe5 15.Bxe5 Rxe5 16.cxd5 Bxf1 17.Kxf1
cxd5 18.Nc3 c6 19.Bf3 Rb8 20.Ne2 Kf8 21.Nf4 Ke7 22.Nd3 Re6
23.Rc1 Kd6 24.Rc5 Rb5 25.Rxb5 cxb5 26.Be2 a6 27.Ke1 d4 28.Kd2
a5 29.Nb2 Kc5 30.Nd3+ Kd6 31.a3 Re8 32.Nf4 Kc5 33.Bd3 b4 34.a4
d5 35.h4 Kd6 36.Be2 Rc8 37.Bf3 Rc5 38.Bd1 Rc3 39.Nd3 h6 40.g4
g5 41.h5 Ke6 42.Bc2 Kd6 43.Bd1 Ke6 44.Nc1 Ke5 45.Ne2 Rf3
46.Ke1 Rh3 47.Ng3 Rh2 48.Nf5 d3 49.Nxh6 Kd4 50.Nf5+ Kc3 51.Ng3
Kb2 52.Kd2 Rxf2+ 53.Kxd3 Kc1 54.Be2 Kb2 55.h6 Rf6 56.Nf5 Rc6
57.Bd1 Kc1 58.Bf3 Rc3+ 59.Ke2 Rc2+ 60.Ke1 d4 61.Nxd4 Rc8
62.Nf5 Rd8 63.Be2 Re8 64.Kf2 Kd2 65.Bc4 f6 66.h7 1-0

[Event "World Blitz Championship"]
[Site "Dubai UAE"]
[Date "2014.06.20"]
[EventDate "2014.06.19"]
[Round "12.8"]
[Result "1/2-1/2"]
[White "Sergei Movsesian"]
[Black "Wang Hao"]
[WhiteElo "2672"]
[BlackElo "2729"]
[PlyCount "330"]

1. Nf3 d5 2. g3 Bg4 3. Bg2 e6 4. O-O Nf6 5. c4 c6 6. d3 Nbd7
7. Qb3 Qb6 8. Be3 Qxb3 9. axb3 a6 10. h3 Bxf3 11. Bxf3 Bc5
12. d4 Be7 13. c5 e5 14. b4 Rd8 15. Nd2 exd4 16. Bxd4 O-O
17. Nb3 Rb8 18. Rfe1 Rfe8 19. Rad1 Bd8 20. Bg2 Bc7 21. e3 h5
22. Re2 g6 23. Bc3 Ne4 24. Be1 Nef6 25. Nd4 Ne5 26. Bc3 Ne4
27. Be1 Nf6 28. Bc3 Ne4 29. Be1 Nd7 30. g4 hxg4 31. hxg4 Bd8
32. f3 Ng5 33. Bg3 Rc8 34. Kf2 Bc7 35. Bh4 Ne6 36. Nxe6 Rxe6
37. e4 Rce8 38. Bf1 Bf4 39. exd5 Rxe2+ 40. Bxe2 g5 41. dxc6
bxc6 42. Bxg5 Bxg5 43. Rxd7 Rb8 44. Bc4 Rxb4 45. b3 a5 46. Ra7
a4 47. Bxf7+ Kf8 48. bxa4 Be7 49. Rc7 Kxf7 50. Rxc6 Rxa4
51. Kg3 Rc4 52. Rc7 Ke6 53. Rc6+ Kd5 54. Rg6 Bxc5 55. Rg5+ Ke6
56. Rg6+ Kf7 57. Ra6 Be3 58. Ra2 Kf6 59. Ra6+ Kf7 60. Ra2 Bf4+
61. Kg2 Kf6 62. Ra6+ Kf7 63. Ra2 Kg6 64. Ra6+ Kf7 65. Ra7+ Ke6
66. Ra6+ Kd5 67. Ra5+ Kd4 68. g5 Rc6 69. Kh3 Ke3 70. Kg4 Bc7
71. Ra3+ Kd4 72. f4 Kd5 73. Re3 Rc4 74. Rf3 Ke6 75. Rf2 Rd4
76. Re2+ Kf7 77. Rf2 Kg6 78. Rf3 Rc4 79. Rf2 Bd8 80. Re2 Bxg5
81. Re6+ Bf6 82. Ra6 Rc1 83. Rb6 Rg1+ 84. Kf3 Rd1 85. Kg4 Rd4
86. Ra6 Rd7 87. Rc6 Kf7 88. Kf5 Rd5+ 89. Ke4 Rh5 90. Rc7+ Kg6
91. Rc6 Ra5 92. Rb6 Ra4+ 93. Kf3 Ra1 94. Kg4 Rg1+ 95. Kf3 Rc1
96. Kg4 Rc4 97. Ra6 Kf7 98. Kf5 Be7 99. Kg4 Ke8 100. Kf5 Kf7
101. Kg4 Rc5 102. Rb6 Rd5 103. Ra6 Ke8 104. Kf3 Kd7 105. Ke4
Rb5 106. Rh6 Bd6 107. Rh7+ Kc6 108. Rf7 Rb4+ 109. Ke3 Kd5
110. Kf3 Ke6 111. Rh7 Rxf4+ 112. Ke3 Ra4 113. Rh5 Be5 114. Kd3
Kd5 115. Rh7 Ra3+ 116. Ke2 Ke4 117. Rh4+ Bf4 118. Rh8 Ra2+
119. Kd1 Be5 120. Re8 Kd3 121. Ke1 Bd4 122. Kf1 Be3 123. Rd8+
Ke4 124. Rf8 Bf4 125. Ke1 Rc2 126. Rf7 Kf3 127. Rd7 Be3
128. Rf7+ Bf4 129. Rd7 Rc1+ 130. Rd1 Rc3 131. Rd7 Rc2 132. Rd8
Ra2 133. Rd7 Be3 134. Kd1 Rh2 135. Re7 Bf4 136. Rd7 Ke4
137. Re7+ Be5 138. Kc1 Kd4 139. Rd7+ Kc4 140. Rd8 Bd4
141. Rc8+ Kd3 142. Kb1 Rh1+ 143. Ka2 Bc3 144. Kb3 Rb1+
145. Ka4 Rb4+ 146. Ka3 Kc2 147. Rg8 Rb5 148. Rg2+ Bd2 149. Rg4
Bc3 150. Rg2+ Bd2 151. Rg4 Rb8 152. Ka4 Bc3 153. Rh4 Kd3
154. Rg4 Bd4 155. Ka5 Kc4 156. Ka6 Rb1 157. Rh4 Rb6+ 158. Ka5
Rb3 159. Ka6 Kd5 160. Rh5+ Be5 161. Ka5 Rb1 162. Ka6 Kc6
163. Rxe5 Ra1+ 164. Ra5 Rxa5+ 165. Kxa5 Kd5 1/2-1/2

[Event "World Blitz Championship"]
[Site "Dubai UAE"]
[Date "2014.06.20"]
[EventDate "2014.06.19"]
[Round "13.6"]
[Result "1-0"]
[White "Wang Hao"]
[Black "Alexey Dreev"]
[WhiteElo "2729"]
[BlackElo "2667"]
[PlyCount "102"]

1. e4 c6 2. d4 d5 3. e5 Bf5 4. Nd2 e6 5. Nb3 Nd7 6. Nf3 Ne7
7. Be2 Nc8 8. a4 Be7 9. O-O O-O 10. Be3 Qc7 11. a5 a6 12. Rc1
Na7 13. c4 dxc4 14. Bxc4 Nb5 15. Qe2 Rac8 16. h3 Qb8 17. Rfd1
Rfd8 18. Ne1 Be4 19. Nd3 Bd5 20. Nd2 Nf8 21. Qg4 Ng6 22. b4
Rd7 23. Bxd5 cxd5 24. Nc5 Bxc5 25. bxc5 Qc7 26. Nb3 Qd8 27. g3
Ne7 28. h4 Nf5 29. Bg5 Qe8 30. h5 h6 31. Bf4 Na7 32. Qe2 Nc6
33. g4 Nfe7 34. Rc3 Kh8 35. Rg3 Qg8 36. Kg2 Qh7 37. f3 Nb4
38. Bd2 Qc2 39. f4 Nbc6 40. Rd3 Nb4 41. Re3 Nbc6 42. Rc1 Qh7
43. Rf1 Rg8 44. Kh2 Qc2 45. Rc3 Qe4 46. Re3 Qc2 47. Rc1 Qh7
48. Be1 Rdd8 49. Bh4 Rde8 50. Rf1 Rgf8 51. Qf2 Kg8 1-0

[Event "World Blitz Championship"]
[Site "Dubai UAE"]
[Date "2014.06.20"]
[EventDate "2014.06.19"]
[Round "16.8"]
[Result "1-0"]
[White "Rauf Mamedov"]
[Black "Wang Hao"]
[WhiteElo "2766"]
[BlackElo "2668"]
[PlyCount "73"]

1. e4 e6 2. d4 d5 3. Nd2 Nf6 4. e5 Nfd7 5. f4 c5 6. Ngf3 Nc6
7. Nb3 c4 8. Nbd2 Qa5 9. c3 b5 10. Be2 b4 11. Nb1 Nb6 12. O-O
Bd7 13. Kh1 Be7 14. Bd2 Rb8 15. cxb4 Nxb4 16. Nc3 Qa6 17. b3
O-O 18. a3 Nd3 19. bxc4 dxc4 20. Ng5 Bxg5 21. fxg5 Bc6 22. Bf3
Qb7 23. Rb1 Qd7 24. Be3 Nd5 25. Nxd5 Bxd5 26. h3 g6 27. h4
Bxf3 28. Qxf3 c3 29. Rbd1 Nb2 30. Rc1 Rbc8 31. h5 c2 32. h6
Qe7 33. Bd2 Nc4 34. Bb4 Qxg5 35. Bxf8 Rxf8 36. Rxc2 Ne3
37. Qxf7+ 1-0

[Event "World Blitz Championship"]
[Site "Dubai UAE"]
[Date "2014.06.20"]
[EventDate "2014.06.19"]
[Round "14.3"]
[Result "1-0"]
[White "Ian Nepomniachtchi"]
[Black "Wang Hao"]
[WhiteElo "2730"]
[BlackElo "2729"]
[PlyCount "160"]

1. e4 c6 2. d4 d5 3. e5 Bf5 4. h4 h6 5. g4 Bd7 6. Bg2 e6 7. c3
c5 8. Ne2 Qb6 9. Nd2 Bb5 10. Nf3 Nc6 11. O-O Nge7 12. h5 Qa6
13. Re1 Bxe2 14. Rxe2 Nc8 15. Bf1 Qa5 16. a3 Be7 17. Be3 c4
18. Nd2 b5 19. f4 Qc7 20. Rf2 Nb6 21. Nf3 Qd7 22. Bh3 a5
23. f5 O-O-O 24. Qc2 Kb7 25. fxe6 Qxe6 26. Kg2 Qc8 27. Raf1
Qc7 28. Bf4 Rdg8 29. Bg3 Qd8 30. Qf5 Rf8 31. Kg1 Rhg8 32. Qf4
b4 33. axb4 axb4 34. Bg2 b3 35. Ra1 g6 36. Qxh6 gxh5 37. Qxh5
Rg7 38. Qf5 Rfg8 39. Nh2 Bg5 40. Re1 Ne7 41. Qf3 Qd7 42. Qe2
Qe6 43. Ref1 Rh7 44. Rf6 Bxf6 45. Rxf6 Qc8 46. Qf3 Rgg7
47. Rf4 Qa8 48. Nf1 Qa1 49. Qe2 Rh6 50. Rf6 Rhg6 51. Bf3 Qb1
52. Kg2 Qc2 53. Ne3 Qxe2+ 54. Bxe2 Ng8 55. Rxb6+ Rxb6 56. Nxd5
Ra6 57. Ne3 Ne7 58. Bxc4 Ra2 59. Nd1 Rxg4 60. Kf3 Rg6 61. Bxb3
Ra1 62. Ne3 Rb6 63. Bxf7 Rxb2 64. d5 Ra3 65. d6 Nc6 66. Nd5
Rb5 67. Kg4 Ra4+ 68. Kf5 Rb1 69. d7 Rf1+ 70. Bf4 Ne7+ 71. Nxe7
Rfxf4+ 72. Kg5 Rg4+ 73. Kh6 Ra8 74. Be8 Re4 75. Ng6 Kc7
76. Kg7 Rd8 77. Kf7 Rxd7+ 78. Bxd7 Kxd7 79. e6+ Kd6 80. e7
Rxe7+ 1-0

[Event "World Blitz Championship"]
[Site "Dubai UAE"]
[Date "2014.06.20"]
[EventDate "2014.06.19"]
[Round "15.9"]
[Result "1/2-1/2"]
[White "Wang Hao"]
[Black "Gabriel Sargissian"]
[WhiteElo "2729"]
[BlackElo "2686"]
[PlyCount "143"]

1. e4 e5 2. Nf3 Nc6 3. d4 exd4 4. Nxd4 Bc5 5. Nxc6 bxc6 6. Bd3
d6 7. O-O Nf6 8. Nc3 Nd7 9. Kh1 Ne5 10. f4 Nxd3 11. Qxd3 O-O
12. f5 Qf6 13. Ne2 a5 14. c4 Ba6 15. Bd2 d5 16. Bc3 Bxc4
17. Qxc4 dxc4 18. Bxf6 gxf6 19. Rac1 Rab8 20. b3 Rb4 21. g3
Rd8 22. Nf4 Be3 23. Rxc4 Rxc4 24. bxc4 Bxf4 25. Rxf4 Rd4
26. c5 Rc4 27. Kg2 Rxc5 28. Rf2 Rc3 29. Rd2 a4 30. Kh3 a3
31. Rd8+ Kg7 32. Ra8 Rc1 33. Rxa3 Rc4 34. Re3 Rc2 35. a3 c5
36. g4 c4 37. Kg3 c3 38. a4 Rc1 39. Kg2 c2 40. Rc3 Ra1
41. Rxc2 Rxa4 42. Kf3 Ra7 43. Rc6 h6 44. h4 Ra3+ 45. Kf4 Rh3
46. h5 Rh1 47. Rxc7 Rf1+ 48. Ke3 Re1+ 49. Kd4 Rd1+ 50. Kc5 Rg1
51. Kd6 Rxg4 52. Re7 Rg1 53. Kd7 Kf8 54. Re8+ Kg7 55. Re7 Kf8
56. Re8+ Kg7 57. Re7 Ra1 58. Kd6 Kf8 59. Rb7 Rh1 60. Rb8+ Kg7
61. Ke7 Re1 62. Rb4 Re2 63. Rd4 Re1 64. Ke8 Re2 65. Rb4 Re1
66. Kd7 Re2 67. Kd6 Rd2+ 68. Ke7 Re2 69. Rd4 Re1 70. Kd7 Re2
71. Ke7 Re1 72. Ke8 1/2-1/2

[Event "World Blitz Championship"]
[Site "Dubai UAE"]
[Date "2014.06.20"]
[EventDate "2014.06.19"]
[Round "17.11"]
[Result "1-0"]
[White "Wang Hao"]
[Black "Eduardo Patricio Iturrizaga Bonelli"]
[WhiteElo "2729"]
[BlackElo "2653"]
[PlyCount "111"]

1. e4 c5 2. Nf3 g6 3. d4 cxd4 4. Nxd4 Nc6 5. c4 Nf6 6. Nc3 d6
7. Be2 Bg7 8. Be3 O-O 9. O-O Bd7 10. f3 Nxd4 11. Bxd4 a5
12. b3 Bc6 13. Rc1 Nd7 14. Be3 Nc5 15. Qd2 e6 16. Rfd1 Be5
17. Bf1 Qe7 18. Ne2 Rfd8 19. Nd4 Be8 20. Qf2 f5 21. exf5 gxf5
22. g3 Bh5 23. Ne2 Kh8 24. Nf4 Bf7 25. Re1 Qf6 26. Rcd1 Qg7
27. Bg2 Bc3 28. Rf1 a4 29. Ne2 Bf6 30. b4 Na6 31. a3 e5
32. Bb6 Bxc4 33. Bxd8 Rxd8 34. Rfe1 d5 35. f4 Bxe2 36. Qxe2 e4
37. Qb5 Bc3 38. Re2 Nc7 39. Qxb7 d4 40. Bxe4 fxe4 41. Rxe4 Nd5
42. Qc6 Qd7 43. Qh6 Qf5 44. Re5 Qc2 45. Rf1 Qg6 46. Qh4 Qf6
47. Qh5 Ne3 48. Re8+ Rxe8 49. Qxe8+ Kg7 50. Rc1 d3 51. Qd7+
Kh6 52. Qxd3 Bd4 53. Kh1 Ng4 54. Qb5 Qe7 55. Rc6+ Bf6 56. Qg5#
1-0

[Event "World Blitz Championship"]
[Site "Dubai UAE"]
[Date "2014.06.20"]
[EventDate "2014.06.19"]
[Round "18.8"]
[Result "0-1"]
[White "Wang Hao"]
[Black "Radoslaw Wojtaszek"]
[WhiteElo "2668"]
[BlackElo "2726"]
[PlyCount "120"]

1. e4 c5 2. Nf3 d6 3. Bb5+ Nd7 4. c3 Nf6 5. Qe2 a6 6. Ba4 b5
7. Bc2 Bb7 8. O-O e6 9. d4 Be7 10. a4 O-O 11. Nbd2 cxd4
12. cxd4 Qb6 13. a5 Qc7 14. Bd3 Rfc8 15. Nb3 Nf8 16. g3 Ng6
17. Bd2 Qd8 18. Ne1 Rc7 19. f3 Rac8 20. Ng2 Nd7 21. h4 h6
22. Ne1 Ngf8 23. Ng2 Nh7 24. Kh2 Nhf6 25. Ne3 Nf8 26. Rf2 Qd7
27. Rg1 Ng6 28. Nd1 Bf8 29. Rff1 Qe8 30. Nf2 Nd7 31. Nh3 e5
32. d5 Nc5 33. Nxc5 dxc5 34. h5 Nh8 35. b3 f6 36. f4 Nf7
37. Qg4 c4 38. bxc4 bxc4 39. Bc2 Qd7 40. Qxd7 Rxd7 41. Rb1 Bc5
42. Rgc1 Nd6 43. fxe5 fxe5 44. Bc3 Re7 45. Rd1 Rf8 46. Bb4
Bxb4 47. Rxb4 Bc8 48. Rb6 Nb5 49. d6 Ref7 50. Rc6 Bg4 51. Rd5
Nd4 52. Rxc4 Nf3+ 53. Kg2 Ng5 54. Nf4 exf4 55. gxf4 Rxf4
56. d7 Bxd7 57. Rxd7 Rg4+ 58. Kh2 Rf2+ 59. Kh1 Rh4+ 60. Kg1
Nh3+ 0-1

[Event "World Blitz Championship"]
[Site "Dubai UAE"]
[Date "2014.06.20"]
[EventDate "2014.06.19"]
[Round "19.12"]
[Result "1-0"]
[White "Ngoc Truongson Nguyen"]
[Black "Wang Hao"]
[WhiteElo "2621"]
[BlackElo "2729"]
[PlyCount "95"]

1. d4 Nf6 2. Nf3 g6 3. Bf4 Bg7 4. e3 d6 5. Be2 O-O 6. O-O Nbd7
7. h3 b6 8. a4 a6 9. c4 Bb7 10. Nc3 e6 11. a5 Qe7 12. Bg3 Ne4
13. Nxe4 Bxe4 14. Nd2 Bb7 15. Bf3 Rfb8 16. Bxb7 Rxb7 17. Qf3
Rba7 18. axb6 cxb6 19. Qc6 e5 20. Nf3 h6 21. Rfd1 a5 22. b3
Re8 23. Ra2 e4 24. Bxd6 Qd8 25. Nd2 Re6 26. c5 Bf8 27. Nxe4
bxc5 28. dxc5 Ne5 29. Qd5 Rd7 30. Rad2 Qc8 31. Qd4 Bg7 32. Qd5
Kh7 33. Rc1 Nc6 34. Ng3 Nb4 35. Qc4 Qc6 36. Ne2 Re4 37. Nd4
Bxd4 38. Rxd4 Rxd4 39. Qxd4 Nd5 40. Rd1 Nc7 41. Qf6 Ne8
42. Qe5 Nc7 43. Rd3 Ne6 44. Qd5 Qb5 45. c6 Qxd5 46. Rxd5 Rd8
47. e4 Rc8 48. c7 1-0